| 000 | 00363nam a2200133Ia 4500 | ||
|---|---|---|---|
| 008 | 151021s9999 xx 000 0 und d | ||
| 020 | _a9966460004 | ||
| 050 | _aPZ4 .A17 1960 | ||
| 245 | _a_No longer at ease Chinua Achebe | ||
| 260 | _aNairobi East Africa Educational 1960 | ||
| 300 | _a154p.;ill | ||
| 650 | _a_Novel | ||
| 980 | _a^d20130711 04:08:00^oanne | ||
| 999 |
_c14300 _d14300 |
||